[Event "Barcelona Sant Marti op-B 21st"]
[Site "Barcelona"]
[Date "2019.07.16"]
[Round "4"]
[White "Gonzalez Canovas, Sebastian"]
[Black "Zakharov, Arsenii V"]
[Result "1-0"]
[WhiteElo "1574"]
[BlackElo "1177"]
[PlyCount "106"]
[EventDate "2019.07.13"]
[EventType "swiss"]
[EventRounds "9"]
[EventCountry "ESP"]
[SourceTitle "EXT 2020"]
[Source "ChessBase"]
[SourceDate "2019.10.17"]
[SourceVersion "1"]
[SourceVersionDate "2019.10.17"]
[SourceQuality "1"]

1. d4 d5 2. Bf4 Nc6 3. e3 a6 4. c4 Bf5 5. Nc3 e6 6. a3 Bd6 7. Bg3 Bxg3 8. hxg3 Qd7 9. Nf3 0-0-0 10. Nh4 Nge7 11. Nxf5 Nxf5 12. b4 Nd6 13. c5 Nc4 14. Qb3 h6 15. Bxc4 dxc4 16. Qxc4 Rhe8 17. Rd1 Qe7 18. 0-0 Qf6 19. b5 axb5 20. Nxb5 Kd7 21. d5 exd5 22. Rxd5+ Ke7 23. Rxd8 Rxd8 24. Nxc7 Qe5 25. Nb5 Rd5 26. Rc1 Kd7 27. e4 Rd2 28. Qxf7+ Qe7 29. Qxe7+ Kxe7 30. Nd6 Rb2 31. Nf5+ Kf7 32. Rd1 Nb8 33. Rd8 Rb1+ 34. Kh2 Nc6 35. Rd7+ Kf6 36. Rxg7 Nd4 37. Rh7 Nxf5 38. exf5 Kxf5 39. Rxh6 Rb2 40. f3 Rb3 41. a4 Rd3 42. Rb6 Rd5 43. Rxb7 Rxc5 44. Rb5 Rxb5 45. axb5 Ke6 46. g4 Kd6 47. g5 Ke6 48. b6 Kd7 49. g6 Kc6 50. g7 Kxb6 51. g8Q Kc5 52. Qe8 Kd4 53. f4 Kd3 1-0